Paroles - Si je te promets - Le roi Arthur - Statistiques

Statistiques générales
  • Ce quiz a été pris 22 fois
  • Le résultat moyen est 285 sur 325
Statistiques - réponses
Réponse % Correct
Je
100%
je
100%
qu'
100%
sais
100%
à
94%
ai
94%
Ce
94%
comment
94%
d'
94%
de
94%
jamais ?
94%
Jamais
94%
jamais
94%
jour
94%
jours
94%
l'
94%
le
94%
les
94%
ma
94%
Mais
94%
me
94%
ne
94%
ou
94%
pas
94%
promets
94%
(promets)
94%
quand
94%
que
94%
regret
94%
sans
94%
serai
94%
si
94%
Si
94%
te
94%
tous
94%
un
94%
veux
94%
vie
94%
voeux
94%
amour
88%
aux
88%
c'est
88%
des
88%
droit
88%
du
88%
échangerons
88%
elle
88%
et
88%
Et
88%
fermera
88%
infini
88%
jure
88%
88%
la
88%
mens ?
88%
n'en
88%
nos
88%
nous
88%
qui
88%
savoir
88%
tu
88%
y
88%
yeux
88%
Avalon
81%
couronnes
81%
désire
81%
Dieu
81%
dieux
81%
jurer
81%
mille
81%
moi
81%
Mon
81%
peux
81%
Peux
81%
portes
81%
sur
81%
terres
81%
trahir
81%
vraiment ?
81%
aide
75%
air
75%
bras
75%
dans
75%
feu
75%
force
75%
imaginer
75%
irons
75%
lui
75%
même
75%
m'enfuir
75%
mentir
75%
Ni
75%
ni
75%
par
75%
penser
75%
perdre
75%
raison
75%
ses
75%
son
75%
Unis
75%
choisir
69%
croire ?
69%
devoir ?
69%
douleur
69%
entre
69%
Entre
69%
front
69%
Pourtant
69%
trahison
69%
vivre
69%
consumer
63%
garde
63%
tentation
63%
céder
56%
faillir
56%
l'imaginer
50%
ceindrai
44%
Sidh
25%
Aucun quiz correspondant
Distribution des résultats
% des personnes avec chaque résultat
Percentile par nombre de réponses
Votre historique - résultats
Vous n’avez pas pris ce quiz